| 000 | 00684nam a2200205Ia 4500 | ||
|---|---|---|---|
| 003 | IN-BaIIA | ||
| 008 | 211028s9999 xx 000 0 eng d | ||
| 020 | _a978-1-250-03943-9 | ||
| 040 | _cIIA Library | ||
| 080 |
_a629.78 _bCLE |
||
| 100 |
_aClegg, Brian _936635 |
||
| 245 | 0 |
_aFinal frontier _cBrian Clegg |
|
| 260 |
_aNew York _bSt. Martin's Press _c2014 |
||
| 300 | _aix, 291p. | ||
| 650 |
_aAstronautics - popular works _936636 |
||
| 650 |
_aInterplanetary voyages - popular works _936637 |
||
| 650 |
_aOuter space - exploration - popular works _936638 |
||
| 650 |
_aScience - astrophysics & space science _936639 |
||
| 942 | _cBK | ||
| 999 |
_c19186 _d19186 |
||